000 00476pab a2200181 454500
008 180718b2006 xxu||||| |||| 00| 0 eng d
100 _aSay, S.B.
245 _aNPA management recovery strategies of stressed assets (NPAs) by Indian banks
260 _c2006
300 _ap.76-81.
362 _aJan-Jun
650 _aBanks - India
650 _aBanks
700 _aSinha, Ratna
773 _aJournal of Economic and Social Development
908 _aN
909 _a73254
999 _c73254
_d73254